000
00313nam a2200133Ia 4500
008
230312s9999||||xx |||||||||||||| ||und||
082
_a
005.1
_b
COU-M
100
_a
Courter Gini
245
0
_a
Microsoft Office 2000
300
_a
1164
546
_a
Eng.
650
_a
Computer
_v
Working In Office 2000
942
_c
BK
999
_c
3236
_d
3236